| 000 | 00489nam a2200169Ia 4500 | ||
|---|---|---|---|
| 999 |
_c10101 _d10101 |
||
| 003 | OSt | ||
| 005 | 20191213153401.0 | ||
| 008 | 190216s9999||||xx |||||||||||||| ||und|| | ||
| 040 | _coclc | ||
| 082 |
_a338.5 _bGOU/F |
||
| 100 |
_aGould, John P _9483 |
||
| 245 | 0 |
_aMicroeconomic Theory / _cJohn P Gould / Edward P Lazear |
|
| 260 |
_bRichard D Irwin Inc, _c1996. _aUSA: |
||
| 300 | _a640 p | ||
| 650 | _aEconomics | ||
| 942 |
_cBK _2ddc _h338.25 _iGOU/F _k338.25 _mGOU/F |
||